Normal view MARC view
  • COMPOSITE MATERIAL MECHANICAL PROPERTIES COMPOSITE STRUCTURES ANALYSIS AND DESIGN FRACTURE AND DAMAGE STRESS ANALYSIS AND FAILURE CRITERIA METAL MATRIX XOMPOSITES COMPOSITE MATERIAL TESTING AND EVALUATION COMPOSITE MATERIAL MANUFACTURING

Entry Topical Term

Number of records used in: 1

001 - CONTROL NUMBER

  • control field: 67134

003 - CONTROL NUMBER IDENTIFIER

  • control field: NUST

005 - DATE AND TIME OF LATEST TRANSACTION

  • control field: 20210628203741.0

008 - FIXED-LENGTH DATA ELEMENTS

  • fixed length control field: 210628|| aca||aabn | a|a d

040 ## - CATALOGING SOURCE

  • Original cataloging agency: NUST
  • Transcribing agency: NUST

150 ## - HEADING--TOPICAL TERM

  • Topical term or geographic name entry element: COMPOSITE MATERIAL MECHANICAL PROPERTIES COMPOSITE STRUCTURES ANALYSIS AND DESIGN FRACTURE AND DAMAGE STRESS ANALYSIS AND FAILURE CRITERIA METAL MATRIX XOMPOSITES COMPOSITE MATERIAL TESTING AND EVALUATION COMPOSITE MATERIAL MANUFACTURING

670 ## - SOURCE DATA FOUND

  • Source citation: Work cat.: (NUST): SUN, C. T, LOO, T. T 67133, COMPOSITE MATERIALS AND STRUCTURES, PROCEEDINGS OF INTERNATIONAL SYNPOSIUM HELD AT BEJING ON JUNE 10-13 1986, 1986
© 2023 Central Library, National University of Sciences and Technology. All Rights Reserved.